00807nam a2200193Ia 4500003000900000008004100009020002200050040001600072080002100088111009700109245019900206260005100405300001300456490005900469650002000528700002200548700002200570700002100592IN-BaIIA211028s9999 xx 000 0 eng d a978-81-922926-9-4 cIIA Library a082.2:52bASI-11 aInternational Workshop on Stellar Spectral Libraries (IWSSL 2013)cRhone-Alpes, Franced2013 0aProceedings of the international workshop on stellar spectral libraries (IWSSL 2013)bheld in Lyon, Rhone-Alpes, France, October 14 – 17, 2013cedited by H. P Singh, P. Prugniel and I. Vauglin aBengalurubAstronomical Society of Indiac2014 ax, 189p. aAstronomical Society of India conference series; v. 11 aStellar spectra aPrugniel, P., ed. aSingh, H. P., ed. aVauglin, I., ed.